Los grandes ejecutivos: hombres que conducen grandes empresas en Estados Unidos
Guardat en:
| Autor principal: | |
|---|---|
| Format: | Llibre |
| Idioma: | espanyol |
| Publicat: |
Buenos Aires
Tres Tiempos
1984
|
| Matèries: | |
| Etiquetes: |
Afegir etiqueta
Sense etiquetes, Sigues el primer a etiquetar aquest registre!
|
MARC
| LEADER | 00000nam a2200000 a 4500 | ||
|---|---|---|---|
| 001 | UCQ7218 | ||
| 003 | CL-VaPUC | ||
| 008 | 981031e19840000AG |||||||||||||||||spa|d | ||
| 082 | 0 | 4 | |a 923.3 |b SHO |2 21 |
| 100 | 0 | |a Shook, Robert |e author |9 421090 | |
| 245 | 1 | 4 | |a Los grandes ejecutivos: hombres que conducen grandes empresas en Estados Unidos |
| 300 | |a 241 p | ||
| 942 | |c BK | ||
| 945 | |d 19981031 00:00:00 |a crobeson | ||
| 260 | |a Buenos Aires |b Tres Tiempos |c 1984 | ||
| 650 | 0 | |a Biografías |9 255210 | |
| 650 | 7 | |a EMPRESARIOS |2 CL-VaPUC |9 315086 | |
| 650 | 0 | |a Economía |9 255568 | |
| 651 | 0 | |a Estados Unidos |9 255178 | |
| 583 | |a last modification |c 19981031 00:00:00 |k Rodrigo Vera | ||
| 999 | |c 276975 |d 276973 | ||
| 952 | |0 0 |1 0 |4 0 |6 923_300000000000000_SHO_1984 |7 0 |8 A |9 314619 |a BIBEDU |b BIBEDU |d 2019-11-20 |i 148771K |o 923.3 SHO 1984 |p 148771K |r 2019-11-20 |w 2019-11-20 |y BK |k LIT | ||